000 00422nam a2200181Ia 4500
999 _c37568
_d37568
003 0100
005 20180309085956.0
008 130303s9999 xx 000 0 und d
040 _cARRUPELIB
050 _aDT962.7.Y61967
100 _aYoung, Kenneth
_940461
245 _aRhodesia and independence /
260 _aNew York
_bJ. H. Heineman
_c1967
300 _axiv
300 _b 567p. maps. 23cm.
650 _aZimbabwe
_xForeign relations
_y1965-1980
_940337
700 _aKenneth Young
_940462
942 _2lcc
_cMONOGRAPH